000 00337nam a2200169Ia 4500
100 _aLaxman/R.K
650 _aFiction
942 _cBK
366 _f17.5
654 _alaughter
245 _aA dose of laughter
260 _bPenquin books
_c2002
082 _a808.83/LAX
_bLAX
300 _a200
546 _aENGLISH
999 _c23903
_d23903